000 00460nam a2200145Ia 4500
008 151015s9999 xx 000 0 und d
020 _a618116362
050 _aLB 2343.3 D69 2002
245 _aDowning Skip
250 _a_On course strategies for creating success in college and in life(3 ed.)
300 _aBoston Houghton mifflin company 2002
500 _aIncludes index
650 _a_Mastering self-management
700 _a^d20130507 12:08:34^oanne
999 _c4133
_d4133